Sports Quiz

Random Sports Quiz

My top 25 wrestlers of all time Quiz Stats

 Plays Quiz not verified by Sporcle

Score 0/25 Timer 14:00
0 Plays Today
Hint Answer % Correct
1shawn michaels
90%
3chris jericho
90%
4the rock
90%
20john cena
90%
11stone cold steve austin
90%
9undertaker
90%
15kane
90%
14eddie guerrero
90%
2jeff hardy
80%
17seth rollins
80%
10triple h
80%
24chris benoit
80%
13randy orton
80%
Hint Answer % Correct
23daniel bryan
70%
5edge
70%
6rey mysterio
70%
12christian
60%
7cm punk
60%
22booker t
60%
19dolph ziggler
60%
18mick foley
60%
21rob van dam
50%
8aj styles
40%
25zack ryder
30%
16roddy piper
20%

You're not logged in!

Compare scores with friends on all Sporcle quizzes.
OR
Log In

Sporcle TV

Today on Sporcle TV


Watch our educational content, quiz creation guides, and fun videos on Sporcle TV.

Show Comments

Extras

Created Jul 23, 2016ReportNominate

Top Quizzes Today


Score Distribution

Your Account Isn't Verified!

In order to create a playlist on Sporcle, you need to verify the email address you used during registration. Go to your Sporcle Settings to finish the process.

Report this User

Report this user for behavior that violates our Community Guidelines.

Details: